000 00548nam a2200217Ia 4500
003 OSt
005 20220928143146.0
006 a|||||r|||| 00| 0
007 ta
008 220927b |||||||| |||| 00| 0 eng d
024 _a21337
037 _cTextual
040 _aSDCL
_cSDCL
_beng
041 _2eng
_aeng
082 _aB7:3, N4
100 _aCharap John M Ed.
_9504815
245 0 _aGeometry of constrained dynamical systems.
260 _c1994
942 _hB7:3, N4
_cTEXL
_2CC
999 _c823380
_d823380